000 01264nam a2200313 4500
001 178796
003 ES-MaACL
005 20250831021644.0
008 110630r20111948sp ahp |||| |dspa d
020 _a978-84-8472-615-9
080 _a821.134.2-992"19"
080 _a913(727.2 O.)
100 1 _aGiner de los Ríos, Francisco,
_d1917-1995
_957123
245 1 4 _aLos laureles de Oaxaca
_b: notas y poemas de un viaje /
_cFrancisco Giner de los Ríos ; introducción de José Ramón López García.
250 _aEd. facs.
260 _a[Sevilla] :
_bRenacimiento,
_c[2011]
300 _aXXXIV, 154 p. :
_b1 retr., il. ;
_c17 cm.
490 1 _aBiblioteca del exilio. Serie menor ;
_v3
534 _pReprod. de la ed. de:
_cMéxico : Tierra Nueva, 1948.
651 7 _aOaxaca-
_xDescripción.
_9147285
651 7 _aOaxaca (México, Estado)
_2
_9142039
655 7 _2tgfbne
_9226495
_aFacsímiles
700 1 _aLópez García, José Ramón.
_9141377
700 1 _aMoreno Villa, José,
_d1887-1955
_983443
830 0 _aBiblioteca del exilio. Serie menor ;
_v3
_9224334
852 _aES-MaACL
_jA-11312
_9185657
_bR.146764
_cDEPO1
_dOlim: N-4316
_xDonación: José Esteban
942 _2udc
_cMONOGRAFIA
999 _c178796
_d178796